| 000 | 00619nam a2200253Ia 4500 | ||
|---|---|---|---|
| 003 | OSt | ||
| 005 | 20220912145429.0 | ||
| 006 | a|||||r|||| 00| 0 | ||
| 007 | ta | ||
| 008 | 220909b |||||||| |||| 00| 0 eng d | ||
| 024 | _a66353 | ||
| 037 | _cTextual | ||
| 040 |
_aCSL _beng _cCSL |
||
| 041 | _aeng | ||
| 082 | _aB288, J81;L5;4 | ||
| 100 | _aGass Saul I. | ||
| 245 | 0 | _aLinear programming : Methods & application | |
| 250 | _a4 | ||
| 260 | _c1958 | ||
| 300 |
_ap. _ccm. |
||
| 650 | _aExperimental design | ||
| 942 |
_hB288, J81;L5;4 _cTEXL _2CC |
||
| 999 |
_c31640 _d31640 |
||